|
|
|
|
| LEADER |
00745nam a22002292a 4500 |
| 001 |
000172137 |
| 003 |
CZ BrMZK |
| 005 |
20030520104741.0 |
| 008 |
010907s1976 xr f cze d |
| 015 |
|
|
|a cnb000410764
|
| 040 |
|
|
|a BOA001
|b cze
|c BOA002
|
| 100 |
1 |
|
|a Chovanec, Felix,
|d 1926-
|7 jk01050326
|4 aut
|
| 245 |
1 |
0 |
|a Běh na lyžích :
|b technika a metodika /
|c Felix Chovanec
|
| 250 |
|
|
|a 1. vyd.
|
| 260 |
|
|
|a Praha :
|b Státní pedagogické nakladatelství,
|c 1976
|
| 300 |
|
|
|a 182 s.
|
| 500 |
|
|
|a Rotaprint
|
| 504 |
|
|
|a Bibliografie s. 179-182
|
| 910 |
|
|
|a BOA001
|b PK-N-0018.271
|
| 964 |
|
|
|a Běh na lyžích - příručky
|
| 990 |
|
|
|a BK
|
| 996 |
7 |
|
|b 3119944894
|c PK-N-0018.271
|l MZK
|r Sklad / do 1 hodiny
|n 9
|w 000172137
|u 000010
|a 1
|e BOA001
|j MZK50
|s A
|